00445nam a2200121Ia 4500008004100000020001400041040004400055100001800099245013800117260004200255300000900297999001700306180412s9999||||xx |||||||||||||| ||und|| a853650780 aAhmadu Bello University Library - Zaria aMORRIS, Clare 0aLiterature and the social workers: a reading list for practitioners, teachers, students and voluntary workerscedited by clare Morris aLondonbThe Library Associationc1975 a22p. c26333d26333